[Event "Women's Speed Chess Q4"]
[Site "chess.com INT"]
[Date "2020.06.21"]
[Round "4"]
[White "Meenakshi, Subbaraman"]
[Black "Golubeva, Oksana"]
[Result "0-1"]
[WhiteTitle "WGM"]
[BlackTitle "WFM"]
[WhiteElo "2171"]
[BlackElo "2179"]
[WhiteFideId "5004381"]
[BlackFideId "4170164"]
[EventDate "2020.06.21"]

1. d4 e6 2. Nf3 d5 3. Bf4 Bd6 4. e3 Bxf4 5. exf4 c5 6. Nbd2 cxd4 7. Nxd4 Nf6 8.
N2f3 Qb6 9. Bb5+ Bd7 10. Qe2 O-O 11. O-O a6 12. Bd3 Nc6 13. c3 Na5 14. Ne5 Rac8
15. g4 Bb5 16. g5 Bxd3 17. Qxd3 Ne4 18. Nd7 Qxb2 19. Nxf8 Rxf8 20. Rab1 Qxc3 21.
Qxc3 Nxc3 22. Rb2 b5 23. Rc1 Ne4 24. f3 Nd6 25. Rc7 Nac4 26. Re2 h6 27. h4 h5
28. Ra7 a5 29. f5 e5 30. Nc6 Nxf5 31. Nxe5 Nd4 32. Nxc4 Nxe2+ 33. Kf2 dxc4 34.
Kxe2 Rb8 35. Rxa5 Kh7 36. Ra6 b4 37. Kd2 b3 38. axb3 cxb3 39. Kc1 b2+ 40. Kb1
Rb4 41. Ra7 Kg6 42. Ra6+ f6 43. gxf6 gxf6 44. Ra3 Rxh4 45. Kxb2 Rc4 46. Kb3 Rc8
47. Ra4 Kg5 48. Re4 h4 49. Rg4+ Kh5 50. Rg7 Rc5 51. Kb4 Rf5 52. Rh7+ Kg5 53.
Rg7+ Kf4 54. Kc3 Kxf3 55. Kd2 Re5 56. Rh7 Kg3 57. Rg7+ Rg5 58. Rf7 f5 59. Ke2 h3
60. Kf1 h2 61. Rh7 Rg4 62. Rh6 Rf4+ 63. Ke2 Kg2 64. Rg6+ Rg4 65. Rf6 Re4+ 0-1

[Event "Women's Speed Chess Q4"]
[Site "chess.com INT"]
[Date "2020.06.21"]
[Round "4"]
[White "Zhuravleva, Olga"]
[Black "Nikulina, Alena"]
[Result "1-0"]
[WhiteTitle "WIM"]
[BlackTitle "WFM"]
[WhiteElo "2278"]
[BlackElo "1887"]
[WhiteFideId "4145933"]
[BlackFideId "4172051"]
[EventDate "2020.06.21"]

1. e4 c5 2. Nf3 d6 3. d4 cxd4 4. Nxd4 Nf6 5. Nc3 a6 6. Bd3 g6 7. O-O Bg7 8. Nb3
O-O 9. Re1 Nc6 10. Bf1 Be6 11. Bg5 h6 12. Bh4 Rc8 13. Nd5 g5 14. Bg3 Re8 15. c3
b5 16. Rc1 Na5 17. h4 Nc4 18. Rc2 Nxd5 19. exd5 Bf5 20. Rce2 Bg4 21. f3 Bh5 22.
Qc1 Bf6 23. hxg5 hxg5 24. Nd2 b4 25. Nxc4 Rxc4 26. Rxe7 Rxe7 27. Bxc4 bxc3 28.
bxc3 Rc7 29. Bxa6 Bxc3 30. Qe3 Bf6 31. Kh2 Re7 32. Qd2 Bg6 33. Rxe7 Qd7 34. Rxd7 1-0

[Event "Women's Speed Chess Q4"]
[Site "chess.com INT"]
[Date "2020.06.21"]
[Round "4"]
[White "Kazarian, Anna-Maja"]
[Black "Petrova, Irina"]
[Result "0-1"]
[WhiteTitle "FM"]
[BlackTitle "WIM"]
[WhiteElo "2096"]
[BlackElo "2087"]
[WhiteFideId "1033689"]
[BlackFideId "14124122"]
[EventDate "2020.06.21"]

1. e4 d6 2. d4 Nf6 3. Nc3 e5 4. Nf3 Nbd7 5. Bc4 Be7 6. Bb3 O-O 7. O-O c6 8. a4
h6 9. h3 Re8 10. Nh2 Bf8 11. Re1 exd4 12. Qxd4 Nc5 13. Bc4 d5 14. e5 Nfe4 15.
Nxe4 Nxe4 16. Be3 Bc5 17. Qd3 Nxf2 18. Bxf2 Bxf2+ 19. Kxf2 Qb6+ 20. Kg3 dxc4 21.
Qxc4 Be6 22. Qc3 Rad8 23. Nf3 Bd5 24. Nd4 Bxg2 25. Nf5 Bd5 26. Rg1 Be6 27. Nxh6+
gxh6 28. Kh4+ Kh8 29. Rad1 Qf2+ 30. Kh5 Qe2+ 31. Kxh6 Rxd1 32. Rxd1 Qxd1 33. Qg3
Qd2+ 34. Kh5 Rg8 35. Qf3 Qg5# 0-1

[Event "Women's Speed Chess Q4"]
[Site "chess.com INT"]
[Date "2020.06.21"]
[Round "4"]
[White "Cyfka, Karina"]
[Black "Sukandar, Irine Kharisma"]
[Result "1-0"]
[WhiteTitle "IM"]
[BlackTitle "IM"]
[WhiteElo "2411"]
[BlackElo "2413"]
[WhiteFideId "1122681"]
[BlackFideId "7101937"]
[EventDate "2020.06.21"]

1. d4 Nf6 2. c4 c5 3. d5 b5 4. cxb5 a6 5. e3 e6 6. dxe6 fxe6 7. Nf3 d5 8. Nc3
Bd6 9. bxa6 O-O 10. Be2 Bxa6 11. Bxa6 Nxa6 12. O-O Nc7 13. e4 Nxe4 14. Nxe4 dxe4
15. Ng5 Rf5 16. Qg4 Qf8 17. Nxe4 Be5 18. a4 Rb8 19. a5 Rb4 20. f3 Na6 21. Be3
Bxb2 22. Rab1 Qb8 23. Rbd1 Bd4 24. Bxd4 Rxd4 25. Rxd4 cxd4 26. Ng5 Qd6 27. Re1
d3 28. Nxe6 Rf7 29. Qc4 1-0

[Event "Women's Speed Chess Q4"]
[Site "chess.com INT"]
[Date "2020.06.21"]
[Round "4"]
[White "Mkrtchian, Lilit"]
[Black "Narva, Mai"]
[Result "1/2-1/2"]
[WhiteTitle "IM"]
[BlackTitle "WIM"]
[WhiteElo "2388"]
[BlackElo "2333"]
[WhiteFideId "13300601"]
[BlackFideId "4500512"]
[EventDate "2020.06.21"]

1. d4 Nf6 2. c4 g6 3. Nc3 d5 4. cxd5 Nxd5 5. e4 Nxc3 6. bxc3 Bg7 7. Bc4 O-O 8.
Ne2 c5 9. O-O Nc6 10. Be3 cxd4 11. cxd4 a6 12. Rc1 Na5 13. Bd3 b5 14. Qd2 Bb7
15. d5 e6 16. dxe6 fxe6 17. Rfd1 Nc6 18. Bc2 Ne5 19. Bb3 Bxe4 20. Bxe6+ Kh8 21.
Qb4 Qh4 22. Ng3 Rae8 23. Qxe4 Qxe4 24. Nxe4 Rxe6 25. Nc5 Rc6 26. Nb3 Nc4 27. Bd4
Re8 28. Bxg7+ Kxg7 29. Rd7+ Kh6 30. Kf1 Nd2+ 31. Rxd2 Rf6 32. f3 Re3 33. Kf2
Rfe6 34. Nd4 Re8 35. Rcd1 a5 36. Re2 Rxe2+ 37. Nxe2 Rc8 38. Rd2 b4 39. Nf4 Kg5
40. Ne6+ Kf6 41. Nd4 a4 42. Rb2 Rc4 43. Nc2 a3 44. Rxb4 Rxc2+ 45. Kg3 Rxa2 46.
Ra4 Ra1 47. Ra6+ Ke5 48. Ra5+ Kd4 49. Kf4 Kc3 50. Ra7 Kb2 51. Rxh7 Rg1 52. Rb7+
Ka1 53. Ra7 a2 54. g4 Rg2 55. h4 Rh2 56. Kg5 Kb1 57. h5 gxh5 58. gxh5 a1=Q 59.
Rxa1+ Kxa1 60. h6 Kb2 61. Kg6 Kc3 62. h7 Kd4 63. Kg7 Ke3 64. h8=Q Rxh8 65. Kxh8
Kxf3 1/2-1/2

[Event "Women's Speed Chess Q4"]
[Site "chess.com INT"]
[Date "2020.06.21"]
[Round "4"]
[White "Buksa, Nataliya"]
[Black "Benmesbah, Natacha"]
[Result "1-0"]
[WhiteTitle "IM"]
[BlackTitle "WIM"]
[WhiteElo "2410"]
[BlackElo "2223"]
[WhiteFideId "14123622"]
[BlackFideId "642002"]
[EventDate "2020.06.21"]

1. d4 Nf6 2. Nc3 d5 3. Bf4 c6 4. e3 Bf5 5. Nf3 h6 6. Ne5 e6 7. g4 Bh7 8. h4 h5
9. g5 Ng4 10. Nxg4 hxg4 11. Bd3 Bxd3 12. Qxd3 Bd6 13. O-O-O Qc7 14. Bxd6 Qxd6
15. Qe2 g3 16. f4 Nd7 17. Qg4 Nb6 18. Qxg3 Nc4 19. a3 b5 20. Na2 b4 21. axb4 a5
22. b5 Rb8 23. Rd3 Rxb5 24. Rb3 Qb8 25. Rxb5 Qxb5 26. b3 a4 27. bxc4 Qxc4 28.
Qe1 Qxa2 29. Qc3 Kd7 30. Kd2 Ra8 31. Ra1 Qc4 32. Qxc4 dxc4 33. Kc3 f6 34. Kxc4
fxg5 35. hxg5 Kd6 36. Ra3 Ra5 37. Kb4 Rb5+ 38. Kxa4 Rb2 39. Rc3 Rb1 40. Rb3 Rc1
41. Rc3 Rb1 42. Ka3 g6 43. Ka2 Rb5 44. Rb3 Kd5 45. Rxb5+ cxb5 46. Kb3 Ke4 47.
Kb4 Kxe3 48. Kxb5 Kxf4 49. c4 Kxg5 50. c5 Kf4 51. c6 g5 52. c7 g4 1-0

[Event "Women's Speed Chess Q4"]
[Site "chess.com INT"]
[Date "2020.06.21"]
[Round "4"]
[White "Hng, Mei-En Emmanuelle"]
[Black "Zawadzka, Jolanta"]
[Result "0-1"]
[WhiteTitle "WFM"]
[BlackTitle "WGM"]
[WhiteElo "2029"]
[BlackElo "2419"]
[WhiteFideId "5804566"]
[BlackFideId "1122320"]
[EventDate "2020.06.21"]

1. e4 c5 2. d4 cxd4 3. c3 d3 4. Bxd3 Nc6 5. Nf3 d6 6. h3 Nf6 7. O-O e5 8. Qe2
Be6 9. Rd1 Be7 10. Be3 h6 11. c4 O-O 12. a3 Qc7 13. Nc3 a6 14. Rac1 Qd7 15. b4
Rfc8 16. Bb1 Qe8 17. Nd5 Bxd5 18. exd5 Nb8 19. c5 a5 20. Bf5 Rd8 21. cxd6 Rxd6
22. Nxe5 g6 23. Bb1 Bf8 24. Bc5 Rxd5 25. Rxd5 Nxd5 26. Bxf8 Qxf8 27. Ba2 Nf4 28.
Qe4 g5 29. Nxf7 Kg7 30. Qe5+ Kh7 31. Bb1+ Ng6 32. Qf6 Qg7 33. Qe6 Nc6 34. Rxc6
bxc6 35. Ne5 axb4 0-1

[Event "Women's Speed Chess Q4"]
[Site "chess.com INT"]
[Date "2020.06.21"]
[Round "4"]
[White "Girya, Olga"]
[Black "Kubicka, Anna"]
[Result "1-0"]
[WhiteTitle "WGM"]
[BlackTitle "WIM"]
[WhiteElo "2469"]
[BlackElo "2256"]
[WhiteFideId "4195752"]
[BlackFideId "1152254"]
[EventDate "2020.06.21"]

1. d4 Nf6 2. c4 e6 3. Nf3 d5 4. Nc3 Bb4 5. cxd5 exd5 6. Qa4+ Nc6 7. Bg5 h6 8.
Bxf6 Qxf6 9. e3 O-O 10. Be2 Bf5 11. O-O Rad8 12. Rac1 a6 13. a3 Be7 14. b4 Qg6
15. Rfd1 Rfe8 16. Qb3 Bh3 17. Ne1 Be6 18. Bf3 Qg5 19. Nd3 Bf8 20. Nf4 Ne7 21. b5
axb5 22. Nxb5 Nf5 23. Nxc7 Nh4 24. Be2 Bd6 25. Ncxe6 fxe6 26. g3 Bxf4 27. exf4
Qg6 28. Qb1 Nf5 29. Qxb7 Rb8 30. Qd7 Rb2 31. Bd3 Rf8 32. Rc7 Qh5 33. Rf1 Qg6 34.
Re1 Rf6 35. Bxf5 exf5 36. Re7 Rb1+ 37. Kg2 Kh8 38. Rxg7 Qh5 39. Qd8+ 1-0

[Event "Women's Speed Chess Q4"]
[Site "chess.com INT"]
[Date "2020.06.21"]
[Round "4"]
[White "Schut, Lisa"]
[Black "Dzagnidze, Nana"]
[Result "0-1"]
[WhiteTitle "WIM"]
[BlackTitle "GM"]
[WhiteElo "2259"]
[BlackElo "2524"]
[WhiteFideId "1019481"]
[BlackFideId "13601903"]
[EventDate "2020.06.21"]

1. e4 c5 2. Nf3 Nc6 3. d4 cxd4 4. Nxd4 Nf6 5. Nc3 d6 6. Bg5 e6 7. Qd2 a6 8.
O-O-O h6 9. Bxf6 Qxf6 10. Nb3 Be7 11. f4 O-O 12. g4 g5 13. f5 b5 14. Kb1 Bb7 15.
Bg2 Rac8 16. e5 dxe5 17. Ne4 Qg7 18. fxe6 Rcd8 19. Qe3 Nd4 20. Rhf1 fxe6 21. c3
Nxb3 22. axb3 Bd5 23. Rxf8+ Rxf8 24. c4 bxc4 25. bxc4 Bxc4 26. Rd7 Bd5 27. Qa7
Rf7 28. Qb8+ Kh7 29. Qc7 Kg8 30. Qc8+ Qf8 31. Qc2 Rf1+ 32. Bxf1 Qxf1+ 33. Qc1
Bxe4+ 0-1

[Event "Women's Speed Chess Q4"]
[Site "chess.com INT"]
[Date "2020.06.21"]
[Round "4"]
[White "Jakubowska, Anna"]
[Black "Bodnaruk, Anastasia"]
[Result "1-0"]
[WhiteTitle "WIM"]
[BlackTitle "IM"]
[WhiteElo "2073"]
[BlackElo "2411"]
[WhiteFideId "1121952"]
[BlackFideId "4181751"]
[EventDate "2020.06.21"]

1. e4 c5 2. Nc3 d6 3. g3 Nc6 4. Bg2 g6 5. d3 Bg7 6. Nh3 e5 7. O-O Nge7 8. f4 O-O
9. f5 gxf5 10. exf5 Bxf5 11. Rxf5 Nxf5 12. Qh5 Nfd4 13. Be4 f5 14. Ng5 Rf6 15.
Bd5+ Kf8 16. Nxh7+ Ke7 17. Nxf6 Ne6 18. Nh7 Qh8 19. Bg5+ Nxg5 20. Qxg5+ Kd7 21.
Qxf5+ Kc7 22. Ng5 Kb6 23. Bg2 e4 24. Nd5+ Ka5 25. c3 Re8 26. b4+ Ka4 27. Qf1
cxb4 28. Qd1+ Ka5 29. cxb4+ Nxb4 30. Qd2 Bd4+ 31. Kh1 Bc5 32. Rb1 e3 33. Qe1 Qd4
34. a3 e2 35. axb4+ Ka6 36. Ra1+ Kb5 37. Nc7+ Kb6 38. Nxe8 Bxb4 39. Rb1 a5 40.
Qxe2 1-0

[Event "Women's Speed Chess Q4"]
[Site "chess.com INT"]
[Date "2020.06.21"]
[Round "4"]
[White "Shuvalova, Polina"]
[Black "Arakhamia-Grant, Ketevan"]
[Result "1-0"]
[WhiteTitle "WGM"]
[BlackTitle "GM"]
[WhiteElo "2454"]
[BlackElo "2380"]
[WhiteFideId "24171760"]
[BlackFideId "13600168"]
[EventDate "2020.06.21"]

1. e4 c5 2. Nf3 Nc6 3. Bb5 g6 4. Bxc6 dxc6 5. d3 Bg7 6. h3 e5 7. Nbd2 Qc7 8. Nc4
b5 9. Ne3 Nf6 10. a4 h6 11. b3 Be6 12. Bb2 Nd7 13. O-O O-O 14. axb5 cxb5 15. c4
f5 16. Ra6 Nb6 17. Nd5 Qb7 18. Ra5 bxc4 19. dxc4 Nxc4 20. bxc4 Qxb2 21. Rxc5
fxe4 22. Nd2 e3 23. fxe3 Rxf1+ 24. Nxf1 Rf8 25. Rc6 Qf2+ 26. Kh2 Bxd5 27. Qxd5+
Kh7 28. Ng3 Qxe3 29. Qe6 Qg5 30. Rc7 e4 31. Qxe4 Qe5 32. Qxe5 1-0

[Event "Women's Speed Chess Q4"]
[Site "chess.com INT"]
[Date "2020.06.21"]
[Round "4"]
[White "Ilyuchyk, Yana"]
[Black "Martynkova, Olena"]
[Result "1-0"]
[WhiteTitle "WFM"]
[BlackTitle "WIM"]
[WhiteElo "2119"]
[BlackElo "2222"]
[WhiteFideId "13508407"]
[BlackFideId "14134039"]
[EventDate "2020.06.21"]

1. e4 c5 2. Nf3 e6 3. d4 cxd4 4. Nxd4 Nc6 5. Nc3 Qc7 6. Be2 a6 7. O-O Nf6 8. Kh1
Nxd4 9. Qxd4 Bc5 10. Qd3 h5 11. f4 Ng4 12. Qf3 b5 13. Bd2 Bb7 14. Rae1 Qb6 15.
Bd3 Nf2+ 16. Rxf2 Bxf2 17. Re2 Bd4 18. f5 O-O-O 19. a4 b4 20. Na2 a5 21. c3 bxc3
22. Nxc3 Bc6 23. Nb5 Bxb5 24. Bxb5 Kb8 25. b4 Rc8 26. bxa5 Qc5 27. g3 h4 28.
gxh4 Rxh4 29. Qg3+ Ka7 30. Qxh4 Qc2 31. Qe1 exf5 32. Bf4 Qc5 33. Rd2 fxe4 34.
Rxd4 1-0

[Event "Women's Speed Chess Q4"]
[Site "chess.com INT"]
[Date "2020.06.21"]
[Round "4"]
[White "Kirchei, Viktoriia"]
[Black "Zakirova, Aisha"]
[Result "0-1"]
[WhiteTitle "WFM"]
[BlackTitle "WCM"]
[WhiteElo "2207"]
[BlackElo "1585"]
[WhiteFideId "34133396"]
[BlackFideId "13719734"]
[EventDate "2020.06.21"]

1. e4 c5 2. Nf3 d6 3. d4 cxd4 4. Qxd4 Nf6 5. Bb5+ Bd7 6. c4 Nc6 7. Qd3 a6 8.
Bxc6 Bxc6 9. Nc3 g6 10. O-O Bg7 11. h3 O-O 12. Be3 b5 13. cxb5 axb5 14. Nd4 Bb7
15. Ndxb5 Qa5 16. a4 Qb4 17. Bd4 e5 18. Be3 Nxe4 19. Nxe4 Bxe4 20. Qxd6 Rxa4 21.
Rxa4 Qxa4 22. Nc3 Qc6 23. Qxc6 Bxc6 24. Rc1 Rb8 25. Nd1 Ba4 26. b4 h5 27. Bc5
Bf8 28. Nc3 Bc6 29. b5 Bd7 30. Bxf8 Kxf8 31. Rb1 Ke7 32. Kf1 Kd6 33. Ne4+ Kc7
34. Nc3 Kb6 35. Ke2 Ka5 36. Ra1+ Kb4 37. Nd5+ Kc5 38. Nf6 Bxb5+ 39. Ke3 Rb6 40.
Rc1+ Kd6 41. Ne4+ Ke7 42. Rc7+ Kf8 43. Rc8+ Kg7 44. Rc7 Rc6 45. Rb7 Bc4 46. Ng5
Bd5 47. h4 Rc3+ 48. Kd2 Bxb7 49. Kxc3 Bxg2 50. f3 f6 51. Ne6+ Kf7 52. Nd8+ Ke8 0-1

[Event "Women's Speed Chess Q4"]
[Site "chess.com INT"]
[Date "2020.06.21"]
[Round "4"]
[White "Gvanceladze, Anna"]
[Black "Protopopova, Anastasiya"]
[Result "1/2-1/2"]
[WhiteTitle "WFM"]
[BlackTitle "WFM"]
[WhiteElo "2254"]
[BlackElo "2192"]
[WhiteFideId "4113721"]
[BlackFideId "24172073"]
[EventDate "2020.06.21"]

1. Nf3 d5 2. g3 c6 3. Bg2 Bf5 4. O-O h6 5. d3 Nf6 6. Nc3 e6 7. Nd2 Be7 8. e4 Bh7
9. f4 O-O 10. g4 Nbd7 11. e5 Ne8 12. Nf3 c5 13. Kh1 Nc7 14. Qe1 d4 15. Ne4 Nd5
16. Bd2 Rc8 17. b3 b5 18. a4 a6 19. axb5 axb5 20. Qg3 c4 21. f5 cxd3 22. cxd3
exf5 23. gxf5 Bxf5 24. Bxh6 Bg6 25. Bd2 Nc5 26. Nxd4 Nb4 27. Bxb4 Qxd4 28. Bxc5
Bxc5 29. e6 Bxe4 30. exf7+ Rxf7 31. Bxe4 Rxf1+ 32. Rxf1 Rf8 33. Bh7+ Kxh7 34.
Qh3+ Kg8 35. Qe6+ Kh8 36. Qh3+ Kg8 37. Qe6+ Kh8 38. Qh3+ Kg8 1/2-1/2

[Event "Women's Speed Chess Q4"]
[Site "chess.com INT"]
[Date "2020.06.21"]
[Round "4"]
[White "Ismayil, Malak"]
[Black "Vijayalakshmi, Subbaraman"]
[Result "0-1"]
[WhiteTitle "WCM"]
[BlackTitle "IM"]
[WhiteElo "1997"]
[BlackElo "2332"]
[WhiteFideId "13412604"]
[BlackFideId "5004098"]
[EventDate "2020.06.21"]

1. e4 e5 2. Nf3 Nc6 3. Bc4 Bc5 4. c3 Nf6 5. d4 exd4 6. e5 Ne4 7. Bd5 Nxf2 8.
Kxf2 dxc3+ 9. Kf1 cxb2 10. Bxb2 O-O 11. Nbd2 d6 12. Qc2 Nb4 13. Qb3 Nxd5 14.
Qxd5 Be6 15. Qd3 dxe5 16. Qxd8 Raxd8 17. Bxe5 Bb4 18. Bf4 c5 19. Kf2 c4 20. Rhc1
b5 21. a3 Bc5+ 22. Kg3 f6 23. Ne4 Bb6 24. h4 a6 25. Re1 Bc8 26. Nd6 Bd7 27. h5
g5 28. hxg6 hxg6 29. Bh6 Bc7 30. Bxf8 Kxf8 31. Rad1 Bf5 32. Kf2 Rxd6 33. Rc1
Bb6+ 34. Kg3 Rd3 35. a4 c3 36. axb5 axb5 37. Rh1 b4 38. Rh8+ Kg7 39. Rhh1 b3 40.
Rb1 b2 41. Kf4 Bc7+ 42. Ne5 Bxe5# 0-1

[Event "Women's Speed Chess Q4"]
[Site "chess.com INT"]
[Date "2020.06.21"]
[Round "4"]
[White "Shukhman, Anna"]
[Black "Mohota, Nisha"]
[Result "1-0"]
[WhiteTitle "WCM"]
[BlackTitle "IM"]
[WhiteElo "1866"]
[BlackElo "2195"]
[WhiteFideId "54180058"]
[BlackFideId "5004330"]
[EventDate "2020.06.21"]

1. e4 Nf6 2. e5 Nd5 3. d4 d6 4. Bc4 c6 5. Nf3 g6 6. Nc3 Nb6 7. Bd3 Bg7 8. O-O
O-O 9. h3 Be6 10. Ng5 dxe5 11. Nxe6 fxe6 12. dxe5 Bxe5 13. Qe2 Qc7 14. Re1 N8d7
15. Bh6 Rf7 16. Qg4 Nf8 17. Bxf8 Raxf8 18. Qxe6 Bh2+ 19. Kh1 Kh8 20. Ne4 Bf4 21.
Qg4 Qd7 22. Ng5 Bxg5 23. Qxg5 Nd5 24. Rad1 Qc7 25. f3 Rf6 26. c4 Nf4 27. Bf1 Nh5
28. Kg1 Qb6+ 29. c5 Qxb2 30. Rxe7 1-0

[Event "Women's Speed Chess Q4"]
[Site "chess.com INT"]
[Date "2020.06.21"]
[Round "4"]
[White "Karnaukhova, Elmira"]
[Black "Assaubayeva, Bibisara"]
[Result "0-1"]
[WhiteTitle "WGM"]
[BlackTitle "FM"]
[WhiteElo "2319"]
[BlackElo "2364"]
[WhiteFideId "4148827"]
[BlackFideId "13708694"]
[EventDate "2020.06.21"]

1. d4 Nf6 2. Bg5 d5 3. Bxf6 gxf6 4. e3 c5 5. c3 Nc6 6. Nf3 Qb6 7. Qb3 c4 8. Qxb6
axb6 9. Na3 e6 10. Nc2 b5 11. a3 Rg8 12. g3 e5 13. Bg2 Bf5 14. O-O-O Bd3 15.
dxe5 fxe5 16. h4 Rg6 17. Nfe1 e4 18. Bh3 Rf6 19. Rd2 Bh6 20. Ng2 Rd8 21. Re1
Bxc2 22. Kxc2 Ne5 23. Rf1 Nd3 24. Ne1 Bxe3 25. fxe3 Rxf1 26. Bxf1 Nxe1+ 27. Kd1
Nd3 28. Bh3 Rd6 29. Bf5 Rf6 30. g4 h5 31. Rg2 hxg4 32. Bxg4 Rf1+ 0-1

[Event "Women's Speed Chess Q4"]
[Site "chess.com INT"]
[Date "2020.06.21"]
[Round "4"]
[White "Michelle Catherina, P"]
[Black "Tsotsonava, Elene"]
[Result "1-0"]
[WhiteTitle "WIM"]
[BlackTitle "WFM"]
[WhiteElo "2176"]
[BlackElo "2012"]
[WhiteFideId "5005736"]
[BlackFideId "13615939"]
[EventDate "2020.06.21"]

1. e4 c5 2. Nf3 e6 3. d4 cxd4 4. Nxd4 Nc6 5. Nb5 d6 6. c4 Nf6 7. N1c3 a6 8. Na3
b6 9. Be3 Ne5 10. Be2 Bb7 11. f3 Be7 12. O-O Qc7 13. Rc1 Rc8 14. Qd2 O-O 15.
Rfd1 Ned7 16. Nc2 Qb8 17. Kh1 Bd8 18. Bf4 Ne5 19. Bxe5 dxe5 20. b4 Be7 21. Qe3
Bc6 22. b5 axb5 23. cxb5 Bc5 24. Qg5 Bb7 25. Na4 Be7 26. Qe3 Bc5 27. Nxc5 Rxc5
28. Nb4 Rfc8 29. a4 Qa7 30. Na6 Bxa6 31. bxa6 Nd7 32. Bb5 Rxc1 33. Rxc1 Nc5 34.
Qc3 Rd8 35. Qxe5 Nxa6 36. Qd6 Ra8 37. Rc6 Nc5 38. Rxb6 Nxa4 39. Ra6 Rc8 40. Bxa4
Rc1+ 41. Bd1 Qxa6 42. Qd8# 1-0

[Event "Women's Speed Chess Q4"]
[Site "chess.com INT"]
[Date "2020.06.21"]
[Round "4"]
[White "Mahalakshmi, M"]
[Black "Mammadova, Gulnar"]
[Result "0-1"]
[WhiteTitle "WIM"]
[BlackTitle "IM"]
[WhiteElo "2253"]
[BlackElo "2382"]
[WhiteFideId "5001080"]
[BlackFideId "13403508"]
[EventDate "2020.06.21"]

1. d4 e6 2. c4 f5 3. g3 Nf6 4. Bg2 g6 5. Nc3 Bg7 6. Nf3 O-O 7. O-O d6 8. Qc2 d5
9. Bf4 c6 10. c5 h6 11. h4 Nbd7 12. b4 Ne4 13. Nxe4 dxe4 14. Ne5 Nxe5 15. Bxe5
Bxe5 16. dxe5 Qd4 17. Rfd1 Qxe5 18. Qd2 Kg7 19. Qd6 Qf6 20. Rab1 e5 21. b5 cxb5
22. Rxb5 Rf7 23. Rd5 Be6 24. Rxe5 Bxa2 25. f4 Rd8 26. Qxf6+ Kxf6 27. Ra5 Bc4 28.
Rxa7 Bxe2 29. Kf2 Bb5 30. g4 Rd2+ 31. Kg1 Rfd7 32. g5+ hxg5 33. hxg5+ Kf7 34.
Ra8 Rb2 35. Rh8 Rd1+ 36. Kh2 Rdd2 37. Rh7+ Kg8 0-1

[Event "Women's Speed Chess Q4"]
[Site "chess.com INT"]
[Date "2020.06.21"]
[Round "4"]
[White "Alexanian, Nelli"]
[Black "Mamedjarova, Turkan"]
[Result "0-1"]
[WhiteTitle "WIM"]
[BlackTitle "WGM"]
[WhiteElo "1986"]
[BlackElo "2309"]
[WhiteFideId "4170539"]
[BlackFideId "13402005"]
[EventDate "2020.06.21"]

1. d4 d5 2. c4 e6 3. Nc3 Nf6 4. cxd5 exd5 5. Bg5 Be7 6. e3 c6 7. Bd3 O-O 8. Qc2
Nbd7 9. Nf3 h6 10. Bf4 Re8 11. O-O Nf8 12. Rab1 Bd6 13. Bxd6 Qxd6 14. b4 Be6 15.
Na4 Rac8 16. Nc5 Rc7 17. b5 cxb5 18. Bxb5 Rec8 19. Qa4 b6 20. Na6 Rc3 21. Nb4 a5
22. Nd3 Ne4 23. Rfc1 Bf5 24. Ba6 Rxc1+ 25. Rxc1 Nc3 26. Bxc8 Nxa4 27. Bxf5 g6
28. Bc8 Qa3 29. Ba6 b5 30. Bxb5 Nc3 31. Rxc3 Qxc3 32. g3 Qa1+ 33. Kg2 Qxa2 34.
Nc5 Qb2 35. Bc6 Ne6 36. Bxd5 Nxc5 37. dxc5 Qc3 38. c6 Qc5 39. e4 a4 40. Nd2 a3
41. Nb3 Qc3 0-1

[Event "Women's Speed Chess Q4"]
[Site "chess.com INT"]
[Date "2020.06.21"]
[Round "4"]
[White "Morris-Suzuki, Sophie"]
[Black "Havanecz, Bianka"]
[Result "1-0"]
[WhiteTitle "WFM"]
[BlackTitle "WIM"]
[WhiteElo "2043"]
[BlackElo "2251"]
[WhiteFideId "30922615"]
[BlackFideId "704814"]
[EventDate "2020.06.21"]

1. e4 c5 2. Nf3 d6 3. d4 cxd4 4. Nxd4 Nf6 5. Nc3 a6 6. Bc4 e6 7. Bb3 Nbd7 8. f4
Nc5 9. e5 Nfd7 10. O-O Nxb3 11. axb3 dxe5 12. fxe5 Bc5 13. Ne4 O-O 14. Nxc5 Nxc5
15. Be3 Qd5 16. Qh5 b6 17. Rf4 Bb7 18. Rg4 g6 19. c4 Qd8 20. Qh6 f5 21. Rh4 Rf7
22. b4 Nd3 23. Nxe6 Qe7 24. Ng5 Rg7 25. Bd4 Rd8 26. e6 Rxd4 27. Rxd4 Ne5 28.
Rad1 Bc6 29. Rd6 Ng4 30. Qh4 Be8 31. h3 h6 32. hxg4 hxg5 33. Qf2 f4 34. Qd4 Rh7
35. Qe5 Kf8 36. Rxb6 Qa7 37. c5 a5 38. Qf6+ Kg8 39. Rd8 1-0

[Event "Women's Speed Chess Q4"]
[Site "chess.com INT"]
[Date "2020.06.21"]
[Round "4"]
[White "Cholleti, Sahajasri"]
[Black "Soumya, Swaminathan"]
[Result "1-0"]
[WhiteTitle "WIM"]
[BlackTitle "IM"]
[WhiteElo "2235"]
[BlackElo "2351"]
[WhiteFideId "5045118"]
[BlackFideId "5016193"]
[EventDate "2020.06.21"]

1. d4 d5 2. Bf4 Nf6 3. e3 c5 4. Nc3 Nc6 5. Nb5 e5 6. Bxe5 Nxe5 7. dxe5 Ne4 8.
Qxd5 Qxd5 9. Nc7+ Kd7 10. Nxd5 Kc6 11. c4 Ng5 12. g3 Bf5 13. Bg2 Be4 14. f3 Bd3
15. b3 b5 16. h4 Ne6 17. f4 Rd8 18. f5 Nc7 19. Nf4+ Kb6 20. Nxd3 Rxd3 21. Ke2
bxc4 22. bxc4 Rc3 23. Bd5 Be7 24. Nh3 Rc2+ 25. Kd3 Rb2 26. Rab1 Rxb1 27. Rxb1+
Ka6 28. Nf4 Rd8 29. Kc3 f6 30. Bb7+ Ka5 31. Nd5 Nxd5+ 32. Bxd5 fxe5 33. Rb7 Bf6
34. e4 Rd6 35. Rxa7+ Ra6 36. Rb7 Rb6 37. Rc7 1-0